Physical chemistry / (Record no. 21790)

MARC details
000 -LEADER
fixed length control field 00904pam a2200277 a 4500
001 - CONTROL NUMBER
control field 597265
003 - CONTROL NUMBER IDENTIFIER
control field OSt
005 - DATE AND TIME OF LATEST TRANSACTION
control field 20211208110051.0
008 - FIXED-LENGTH DATA ELEMENTS--GENERAL INFORMATION
fixed length control field 910401s1992 nyua 001 0 eng
010 ## - LIBRARY OF CONGRESS CONTROL NUMBER
LC control number 91013148
020 ## - INTERNATIONAL STANDARD BOOK NUMBER
International Standard Book Number 0471621811
040 ## - CATALOGING SOURCE
Original cataloging agency DLC
Transcribing agency HU
Modifying agency DLC
050 00 - LIBRARY OF CONGRESS CALL NUMBER
Classification number QD453.2
Item number .D36 1992
082 00 - DEWEY DECIMAL CLASSIFICATION NUMBER
Edition number 20
100 1# - MAIN ENTRY--PERSONAL NAME
Personal name Alberty, Robert A.
9 (RLIN) 7605
245 10 - TITLE STATEMENT
Title Physical chemistry /
Statement of responsibility, etc. Robert A. Alberty, Robert J. Silbey.
250 ## - EDITION STATEMENT
Edition statement 1st ed.
260 ## - PUBLICATION, DISTRIBUTION, ETC.
Place of publication, distribution, etc. New York :
Name of publisher, distributor, etc. Wiley,
Date of publication, distribution, etc. c1992.
300 ## - PHYSICAL DESCRIPTION
Extent xiii, 898 p. :
Other physical details ill. ;
Dimensions 26 cm.
504 ## - BIBLIOGRAPHY, ETC. NOTE
Bibliography, etc. note Includes bibliographical references and indexes.
650 #0 - SUBJECT ADDED ENTRY--TOPICAL TERM
Topical term or geographic name entry element Chemistry, Physical and theoretical.
9 (RLIN) 7606
700 1# - ADDED ENTRY--PERSONAL NAME
Personal name Silbey, Robert J.
9 (RLIN) 7607
906 ## - LOCAL DATA ELEMENT F, LDF (RLIN)
a 7
b cbc
c orignew
d 1
e ocip
f 19
g y-gencatlg
942 ## - ADDED ENTRY ELEMENTS (KOHA)
Source of classification or shelving scheme Dewey Decimal Classification
Koha item type Books like text book referance book
Suppress in OPAC No
Holdings
Withdrawn status Lost status Source of classification or shelving scheme Damaged status Not for loan Collection code Home library Current library Shelving location Date acquired Total Checkouts Full call number Barcode Date last seen Copy number Price effective from Koha item type
    Dewey Decimal Classification     Non-fiction Wondo Genet Library Wondo Genet Library General Stacks 12/08/2021   541.3 ALB 1992 WGCFNRL00009108 12/08/2021 1 12/08/2021 Books like text book referance book